Rappeurs par albums - Statistiques

Statistiques générales
  • Ce quiz a été pris 671 fois
  • Le résultat moyen est 11 sur 16
Statistiques - réponses
Par images Réponse % Correct
Jul
100%
Booba
98%
Kaaris
95%
PLK
92%
Hamza
89%
Maes
85%
SDM
83%
Freeze corleone
75%
Josman
73%
Alpha wann
58%
Luv resval
54%
Luther
45%
Jazzy Bazz
39%
Nepal
39%
Bushi
32%
Femtogo
21%
Aucun quiz correspondant
Distribution des résultats
% des personnes avec chaque résultat
Percentile par nombre de réponses
Votre historique - résultats
Vous n’avez pas pris ce quiz